Mlp charcters - Statistics

General Stats
  • This quiz has been taken 336 times
  • The average score is 14 of 20
Answer Stats
Hint Answer % Correct
Shy but assertive Fluttershy
96%
Southern Applejack
95%
Cocky af Rainbow dash
95%
Raises the sun Celestia
92%
Everyone's favorite princess Twilight Sparkle
92%
Raises the moon Luna
91%
Always on dem parties PInkie Pie
91%
Posh Rarity
91%
Baby dragon Spike
91%
The Great and Powerful Trixie
69%
Baby alicorn Flurry heart
66%
voiced by the amazing John De Lancie Discord
65%
Princess of love Cadance
58%
Griffon Gilda
58%
King of an empire 1000 years ago Sombra
58%
Changeling queen Chrysalis
57%
kind changeling Thorax
47%
Man in distress (XD) Shining armor
26%
Flamboyant Serpent Steven Magnet
17%
Asks answer 1 for help Mayor Mare
7%
No matching quizzes found
Score Distribution
Percent of People with Each Score
Percentile by Number Answered
Your Score History
You have not taken this quiz